Acercándonos a los instrumentos internacionales de protección de los derechos humanos de las mujeres / (Registro nro. 2256)

Detalles MARC
000 -LEADER
fixed length control field 01306dam a2200241 a 4500
005 - FECHA ULTIMA MODIFICACION
control field 20240412121051.0
008 - CAMPO DE CONTROL (LIBRO)
fixed length control field 100825t2003||||cr f s sp spa d
020 ## - INTERNATIONAL STANDARD BOOK NUMBER
ISBN 9968917087
041 ## - CODIGO DE IDIOMA
Código de idioma del texto/pista de sonido o título separado spa
092 ## - SIGNATURA TOPOGRAFICA DEWEY LOCAL
número de clasificación 346.0134
libristica 10
sección CAM
100 1# - ENTRADA PRINCIPAL--NOMBRE PERSONAL
Nombre personal Camacho, Rosalia
9 (RLIN) 3064
245 ## - TITULO PROPIAMENTE DICHO
Título Acercándonos a los instrumentos internacionales de protección de los derechos humanos de las mujeres /
Mención de responsabilidad y remanente de la transcripción de la portada Rosalia Camacho
250 ## - MENCION DE EDICION
Mención de edición 1a ed.
260 ## - PIE DE IMPRENTA
Lugar de publicación, distribución, etc San José [C.R]:
Nombre de la editorial, distribuidor, etc Instituto Interamericano de Derechos Humanos;
Fecha de publicación 2003.
300 ## - DESCRIPCION FISICA
Extension 102 p.
Dimensiones 23x16 cm
500 ## - NOTA GENERAL
Nota general Camacho, R. (2003). Acercándonos a los instrumentos internacionales de protección de los derechos humanos de las mujeres. (1a ed.). Costa Rica : Instituto Interamericano de Derechos Humanos.
653 ## - TÉRMINO INDIZADO - PALABRAS CLAVES
Palabra clave Derechos de la mujer
653 ## - TÉRMINO INDIZADO - PALABRAS CLAVES
Palabra clave Derechos humanos
653 ## - TÉRMINO INDIZADO - PALABRAS CLAVES
Palabra clave Convención para prevenir, sancionar y erradicar la violencia contra la mujer
653 ## - TÉRMINO INDIZADO - PALABRAS CLAVES
Palabra clave Anexo: Ratificaciones a la convención sobre la eliminación de todas las formas de discriminación contra la mujer. Ratificaciones a la convención para prevenir, sancionar y erradicar la violencia contra la mujer. Esquemas de los procedimietnos del protocolo facultatico CEDAW
653 ## - TÉRMINO INDIZADO - PALABRAS CLAVES
Palabra clave Material de apoyo: Texto de los tres instrumentos internacionales
942 ## - ADDED ENTRY ELEMENTS (KOHA)
Source of classification or shelving scheme Dewey Decimal Classification
Item type Libros
Existencias
Estado de retiro Existencia Fuente de clasificación Estado general No para prestamo Ubicación permanente ubicación actual Sala de ubicación Fecha de adquisición Fuente de adquisición Total Checkouts Número de clasificación Código de barras Date last seen Número de ejemplar Price effective from Koha tipo de elemento (item) Public note
    Dewey Decimal Classification     Biblioteca Medicina Biblioteca Medicina Circulación 06/05/2016 Donación Dra. Ambort, Cristina. Mayo 2016   346.0134 10 CAM 3585 06/05/2016 Ej.1 06/05/2016 Libros Donación Dra. Ambort, Cristina. Mayo 2016

UNIVERSIDAD NACIONAL DEL COMAHUE
Biblioteca de la Facultad de Ciencias Médicas
Sede Toschi: Los Arrayanes y Av. Toschi, Cipolletti  - Rio Negro
Sede Los Tordos:  Yrigoyen al 2211, Cipolletti - Rio Negro 

Teléfono: 0299 - 4774707 int 25
Contacto: biblioteca@facimed.uncoma.edu.ar
© 2011 - 2026